|
|
|
|
| LEADER |
00974nam a2200229 a 4500 |
| 001 |
27468173 |
| 003 |
GR-PaULI |
| 008 |
180906s gr e 000 0 gre|c |
| 020 |
|
|
|a 9789606995552
|
| 040 |
|
|
|a GrPaTEI
|b gre
|c GR-PaULI
|
| 082 |
0 |
4 |
|a 910.45
|2 23
|
| 245 |
0 |
0 |
|a Οι πειρατές των επτά θαλασσών.
|
| 260 |
|
|
|a Αθήνα :
|b Μίνωας,
|c c2007
|
| 300 |
|
|
|a 598 σ. ;
|c 20 εκ.
|
| 504 |
|
|
|a Βιβλιογραφία: σ. [599]
|
| 650 |
|
4 |
|a Πειρατές και πειρατεία
|x Ιστορία.
|
| 700 |
1 |
|
|a Lewis, John E.
|e επιμελητής.
|
| 700 |
1 |
|
|a Λάσκαρις Χαράλαμπος
|e μεταφραστής.
|
| 942 |
|
|
|2 ddc
|
| 952 |
|
|
|0 0
|1 0
|2 ddc
|4 0
|6 910_450000000000000_ΠΕΙ
|7 0
|9 318907
|a LISK
|b LISK
|c BSC
|d 2021-01-17
|e 24
|f 0
|g 0.00
|l 0
|o 910.45 ΠΕΙ
|p 99241000065869
|r 2021-01-17 00:00:00
|t 1
|w 2021-01-17
|y BK15
|x Purchase/Donation Number
|x General Note
|x GrPaTEI
|
| 971 |
|
|
|a .b27468173
|b 15-04-20
|c 06-09-18
|
| 999 |
|
|
|c 181116
|d 181116
|